000 00768nam a2200265 a 4500
001 70247
003 BD-RjUL
005 20211209081959.0
008 170416r19851975nyua 001 0 eng
020 _a0471873861 :
_c$25.95 (est.)
035 _a(BD-RjUL)70461
040 _aDLC
_cDLC
_dDLC
_beng
041 _aeng
082 0 0 _223
_a512
_bSAP 1985
100 1 _aSalas, Saturnino L.
_9207022
245 1 0 _aPreparation for calculus /
_cS.L. Salas, C.G. Salas.
250 _a3rd ed.
260 _aNew York :
_bWiley,
_c1975 [reprinted 1985]
300 _axiii, 477 p. :
_bill. ;
_c25 cm.
500 _aIncludes index.
650 0 _aAlgebra
_9208033
700 1 _aSalas, Charles G.
_9208034
700 1 _aSalas, Saturnino L.
_tPrecalculus.
_9208035
942 _2ddc
_cBK
999 _c70247
_d70247